000 00693nam a2200253Ia 4500
001 dia_92
003 CHAP
005 20221207113903.0
008 220117s1989 xx 000 0 und d
010 _a170523
020 _a0-07-042428-4
040 _cCHAP
082 _a658.562 M5
100 _aMillis, Charles A.
_9147167
245 _aThe quality audit : a management evaluation tool /
_c By Charles A. Mills
260 _aUSA :
_b McGraw-Hill,
_c1989
300 _a309 p.
503 _aI. 209971
650 _aCalidad, Control de
_9147168
901 _a658.562 M5
902 _aM
905 _a0000001989 -usA 0000000000eng00
942 _cLIBRO
_2ddc
999 _c170523
_d170523